| 000 | 00781nam a2200217 a 4500 | ||
|---|---|---|---|
| 005 | 20230927063727.0 | ||
| 008 | 121015s1994 mx r 000 0 spa d | ||
| 020 | _a9586162176 | ||
| 035 | _aUPN01000187490 | ||
| 049 | _aF | ||
| 050 | 4 |
_aK5015 _bJ3.3 |
|
| 100 | 1 |
_aJakobs, Günther, _d1937- _932786 |
|
| 245 | 1 | 3 |
_aLa competencia por organización en el delito omisivo / _cGünther Jakobs ; tr. Enrique Peñaranda Ramos. |
| 260 |
_aBogotá : _bUniversidad Externado de Colombia, Centro de Investigaciones de Derecho Penal y Filosofía del Derecho, _c1994. |
||
| 300 | _a39 h. | ||
| 440 | 0 |
_acuadernos de conferencias y articulos ; _v1 |
|
| 534 |
_pTítulo original: _tDie Zustândigkeit |
||
| 650 | 2 |
_aDerecho penal _913302 |
|
| 650 | 4 |
_aOMISION PENAL _921376 |
|
| 905 | _aLibro | ||
| 999 |
_c159593 _d159593 |
||